Online
Catalog

Boletín de la Cámara de Cuentas. (Record no. 36576)

MARC details
000 -CABECERA
campo de control de longitud fija 00561nas a2200193 a 4500
001 - NÚMERO DE CONTROL
campo de control 000037086
003 - IDENTIFICADOR DEL NÚMERO DE CONTROL
campo de control DLC
005 - FECHA Y HORA DE LA ÚLTIMA TRANSACCIÓN
campo de control 20200930080130.0
008 - DATOS DE LONGITUD FIJA--INFORMACIÓN GENERAL
campo de control de longitud fija 120213c19569999dr fr1pdd 0 0spa d
040 ## - FUENTE DE LA CATALOGACIÓN
Centro catalogador/agencia de origen DO-SdBNP
Lengua de catalogación spa
043 ## - CÓDIGO DE ÁREA GEOGRÁFICA
Código de área geográfica nwdr
245 00 - MENCIÓN DE TÍTULO
Título Boletín de la Cámara de Cuentas.
260 ## - PUBLICACIÓN, DISTRIBUCIÓN, ETC.
Lugar de publicación, distribución, etc. Ciudad Trujillo, República Dominicana :
Nombre del editor, distribuidor, etc. Cámara de Cuentas,
Fecha de publicación, distribución, etc. 1956.
300 ## - DESCRIPCIÓN FÍSICA
Extensión v. ;
Dimensiones 22 cm.
310 ## - PERIODICIDAD ACTUAL
Periodicidad actual Enero-Junio
Fecha de comienzo de la periodicidad actual 1956
362 ## - FECHAS DE PUBLICACIÓN Y/O DESIGNACIÓN SECUENCIAL
Fecha de publicación y/o designación secuencial 1956
650 #4 - PUNTO DE ACCESO ADICIONAL DE MATERIA--TÉRMINO DE MATERIA
Término de materia o nombre geográfico como elemento de entrada Administración pública
Subdivisión geográfica República Dominicana
9 (RLIN) 3011
651 #4 - PUNTO DE ACCESO ADICIONAL DE MATERIA--NOMBRE GEOGRÁFICO
Nombre geográfico República Dominicana
9 (RLIN) 10483
Holdings
Estado de retiro Estado de pérdida Especificación de materiales (volumen encuadernado u otra parte) Restricciones de uso No para préstamo Código de colección Localización permanente Ubicación/localización actual Ubicación en estantería Fecha de adquisición Fuente de adquisición Enumeración/cronología de publicación seriada Número de inventario Total de préstamos Signatura topográfica completa Código de barras Fecha visto por última vez Precio válido a partir de Tipo de ítem Koha Nota pública
    Préstamo en sala Préstamo en sala   Hemeroteca Patrimonio Dominicano Patrimonio Dominicano Ordenador y recibido 17.04.2012 4 Año 12; no. 43 ; (1956) 2012041720120417   no. 43 37086-12-43-1 08.08.2020 08.08.2020 Publicación periódica Perteneció a la biblioteca personal de Carlos Larrazábal Blanco
    Préstamo en sala Préstamo en sala   Hemeroteca Patrimonio Dominicano Patrimonio Dominicano Ordenador y recibido 17.04.2012 4 Año 11; no. 40 ; (junio 1956) 2012041720120417   no. 40 37086-2-40-1 08.08.2020 08.08.2020 Publicación periódica Perteneció a la biblioteca personal de Carlos Larrazábal Blanco
    Préstamo en sala Préstamo en sala   Hemeroteca Patrimonio Dominicano Patrimonio Dominicano Ordenador y recibido 17.04.2012 4 Año 13; no. 44 ; (junio 1959) 2012041720120417   no. 44 37086-44-13-1 08.08.2020 08.08.2020 Publicación periódica Perteneció a la biblioteca personal de Carlos Larrazábal Blanco

Powered by Koha